000161504 001__ 161504 000161504 005__ 20250613111200.0 000161504 037__ $$aTAZ-TFG-2019-1674 000161504 041__ $$aspa 000161504 1001_ $$aSimorte de Francisco, Ana 000161504 24200 $$aSelf-assessment effects on university students 000161504 24500 $$aEfectos de la autoevaluación sobre estudiantes universitarios 000161504 260__ $$aZaragoza$$bUniversidad de Zaragoza$$c2019 000161504 506__ $$aby-nc-sa$$bCreative Commons$$c3.0$$uhttp://creativecommons.org/licenses/by-nc-sa/3.0/ 000161504 520__ $$aLos estudiantes universitarios muestran altas prevalencias de ansiedad o síntomas depresivos. Estos problemas de salud se han relacionado principalmente con los exámenes y calificaciones. La autoevaluación se ha propuesto como una estrategia docente que favorecería las creencias percibidas de los estudiantes sobre su rendimiento, disminuiría la ansiedad y mejoraría su rendimiento académico. En este estudio se analizaron las relaciones entre las siguientes variables: autoevaluación, autoeficacia, rendimiento académico, ansiedad ante exámenes, motivación y exigencia. un total de 338 estudiantes universitarios respondieron de forma anónima y voluntaria a un cuestionario online. Además se desarrolló una nueva escala de autoevaluación. En general las variables analizadas se relacionaron significativamente y en magnitud baja y media según las hipótesis propuestas. Un modelo de regresión explicó el 28% de la nota de la asignatura. Este estudio sugiere seguir investigando los beneficios de la autoevaluación en el proceso de enseñanza-aprendizaje.<br /> 000161504 521__ $$aGraduado en Psicología 000161504 540__ $$aDerechos regulados por licencia Creative Commons 000161504 700__ $$aMartínez Molina, Agustín$$edir. 000161504 7102_ $$aUniversidad de Zaragoza$$bPsicología y Sociología$$c 000161504 8560_ $$f720786@celes.unizar.es 000161504 8564_ $$s306011$$uhttps://zaguan.unizar.es/record/161504/files/TAZ-TFG-2019-1674.pdf$$yMemoria (spa) 000161504 909CO $$ooai:zaguan.unizar.es:161504$$pdriver$$ptrabajos-fin-grado 000161504 950__ $$a 000161504 951__ $$adeposita:2025-06-13 000161504 980__ $$aTAZ$$bTFG$$cFCSH 000161504 999__ $$a20190621121053.CREATION_DATE